L'oro di Sibilla

Guardat en:
Dades bibliogràfiques
Autor principal: La Stella Enrico
Format: Llibre
Idioma:idioma desconegut
Publicat: Bologna Calderini 1990
Etiquetes: Afegir etiqueta
Sense etiquetes, Sigues el primer a etiquetar aquest registre!

MARC

LEADER 00000nam a2200000Ia 4500
001 26
003 NUMERAZIONE-ORIGINALE-BRESCIA
005 20260206230747.0
008 260206s9999 xx 000 0 und d
100 |a La Stella Enrico 
245 0 |a L'oro di Sibilla 
260 |a Bologna 
260 |b Calderini 
260 |c 1990 
942 |2 ddc  |c BK  |n 0 
952 |0 0  |1 0  |2 ddc  |4 0  |6 15  |7 0  |9 28204  |a BS  |b BS  |d 2026-02-06  |i 26  |l 0  |o 1-5-*  |r 2026-02-06 22:40:30  |w 2026-02-06  |x [REVISIONARE]  |y BK 
999 |c 23908  |d 23908